|
|
|
|
| LEADER |
00718nta a2200205 i 4500 |
| 001 |
dokt6692 |
| 005 |
20220715133015.0 |
| 008 |
220715s1982 hu om 0|| hun d |
| 040 |
|
|
|a SZTE Doktori Repozitórium
|b hun
|
| 041 |
|
|
|a hun
|
| 100 |
2 |
|
|a Sebőné Szenes Márta
|
| 245 |
1 |
2 |
|a A baráti kapcsolatok pszichológiai sajátosságai korai ifjúkorban
|h [elektronikus dokumentum] /
|c Sebőné Szenes Márta
|
| 260 |
|
|
|c 1982
|
| 502 |
|
|
|a Disszertacio
|
| 650 |
|
4 |
|a pszichológiai tudományok
|
| 650 |
|
4 |
|a Társadalomtudományok
|
| 650 |
|
4 |
|a Pszichológia
|
| 695 |
|
|
|a Pszichológia
|
| 700 |
1 |
|
|a Duró Lajos
|e ths
|
| 856 |
4 |
0 |
|u https://doktori.bibl.u-szeged.hu/id/eprint/6692/1/1982_sebone_szenes_marta.pdf
|z Dokumentum-elérés
|